The economic development of modern Egypt /

محفوظ في:

المؤلف الرئيسي: Crouchley, Arthur Edwin (auther)

التنسيق: كتاب

اللغة: English

منشور في: London : Longmans, Green, 1938.

الموضوعات:

الوسوم: إضافة وسم

لا توجد وسوم, كن أول من يضع وسما على هذه التسجيلة!

رقم الطلب: HC533 .C9

LEADER 00599nam a2200193Mc 4500
001 on1406873117
003 OCoLC
005 20240128113256.0
008 201012s1938 enk 00| 0 eng d
050 4 |a HC533  |b .C9 
100 1 |a Crouchley, Arthur Edwin  |e auther 
245 1 4 |a The economic development of modern Egypt /  |c by A.E. Crouchley. 
264 1 |a London :  |b Longmans, Green,  |c 1938. 
300 |a VII, 286 pages.  |b illustration ;  |c 19 cm 
336 |a text  |b txt  |2 rdacontent 
337 |a unmediated  |b n  |2 rdamedia 
338 |a volume  |b nc  |2 rdacarrier 
651 0 |a Egypt  |x Economic conditions 
999 |c 55650  |d 55650